Διαδραστική ηλεκτρονική μάθηση : πτυχιακή εργασία

Ανάπτυξη ηλεκτρονικού παιχνιδιού με σκοπό την εξάσκηση στο μάθημα Σχεδιασμός και Ανάλυση Π.Σ.

Αποθηκεύτηκε σε:
Λεπτομέρειες βιβλιογραφικής εγγραφής
Κύριος συγγραφέας: Μπαρμπάτσαλου, Κωνσταντία
Συγγραφή απο Οργανισμό/Αρχή: Πανεπιστήμιο Αιγαίου. Σχολή Θετικών Επιστημών. Τμήμα Μηχανικών Πληροφοριακών και Επικοινωνιακών Συστημάτων
Μορφή: Thesis Βιβλίο
Γλώσσα:Greek
Δημοσίευση: 2009.
Θέματα:
Διαθέσιμο Online:http://hdl.handle.net/11610/8668
Ετικέτες: Προσθήκη ετικέτας
Δεν υπάρχουν, Καταχωρήστε ετικέτα πρώτοι!

MARC

LEADER 00000cam a2200000 i 4500
001 1/11070
008 101129s2009 gr | ||| |||| ||gre||
035 |l 10109271 
040 |a GR-MyUA  |b gre  |e AACR2 
041 0 |a gre 
082 0 |a 371.3344678   |2 (22)  
100 1 |a Μπαρμπάτσαλου, Κωνσταντία. 
245 1 0 |a Διαδραστική ηλεκτρονική μάθηση :   |b πτυχιακή εργασία /   |c Κωνσταντία Μπαρμπάτσαλου ; επιβλέπων καθηγητής Σπύρος Κοκολάκης.  
260 |c 2009.  
300 |a 54 σ. :   |b έγχρ. εικ., πιν. ;   |c 30 εκ.  
500 |a Μέλη της εξεταστικής επιτροπής: Κοκολάκης Σπύρος, Γκρίτζαλης Στέφανος, Λαμπρινουδάκης Κωνσταντίνος.  
502 |a Πτυχιακή εργασία – Πανεπιστήμιο Αιγαίου, Σάμος, 2010.  
504 |a Βιβλιογραφία: σ. 54.  
506 1 |a Διάθεση πλήρους κειμένου ;   |d Ενδοπανεπιστημιακή δημοσίευση.  
520 |a Ανάπτυξη ηλεκτρονικού παιχνιδιού με σκοπό την εξάσκηση στο μάθημα Σχεδιασμός και Ανάλυση Π.Σ.  
540 |a Κλειδωμένη η δυνατότητα αντιγραφής (copy) του κειμένου.  
610 2 0 |a University of the Aegean  |x Dissertations. 
650 0 0 |a Internet in education. 
650 0 0 |a Dissertations, Academic  |z Greece. 
700 1 |a Κοκολάκης, Σπύρος,  |e dgs 
710 2 |a Πανεπιστήμιο Αιγαίου.   |b Σχολή Θετικών Επιστημών.   |b Τμήμα Μηχανικών Πληροφοριακών και Επικοινωνιακών Συστημάτων. 
852 |a INST  |b SAMOS  |c DIATR  |e 20101129  |h 371.3344678 ΜΠΑ  |p 005300033125  |q 005300033125  |t DIE  |y 23 
852 |a INST  |b SAMOS  |c DIATR  |e 20101129  |h 371.3344678 ΜΠΑ  |p 005300033126  |q 005300033126  |t DIE  |y 23 
856 |u http://hdl.handle.net/11610/8668 
901 |a BIBL3-2010-3 
909 |a Σ  |b 166170 
909 |a Σ  |b 166171 
924 |a ΜΠΑΡΜΠΑΤΣΑΛΟΥ  |b ΚΩΝΣΤΑΝΤΙΑ  |y Σάμος  |z 2010-11 
970 |a ΚΟΣΙΕΡΗΣ  |b ΧΡΗΣΤΟΣ  |z 2010/11/29